00960cam a22002651 4500001001300000003000400013005001700017008004100034010001700075035001900092040002100111043001200132050002200144051001700166100004800183245008100231260004800312300006100360490004100421500008600462504002500548650004300573740006100616999001700677gs 39000071 DLC20260227111344.0800702s1938 dcuab b f001 0 eng  ags 39000071  a(OCoLC)6479356 aDLCcICharEdDLC an-us-ak00aQE75b.B9 no. 894 aQE84.C55bM61 aMoffit, Fred H.q(Fred Howard),d1874-1958?10aGeology of the Chitina valley and adjacent area, Alaska,cby Fred H. Moffit. aWashington,bU.S. Govt. Print. Off.,c1938. aiv, 137 p.billus., xii pl. (incl. 8 fold. maps)c23 cm.0 aU.S. Geological survey. Bulletin 894 aAt head of title: United States Department of the Interior...Geological survey... aBibliography: p.6-8. 0aGeologyzAlaskazChitina River Valley.0 aChitina valley and adjacent area, Alaska, Geology of the c27517d27517